[Event "Polanica Zdroj op Seniors 45th"]
[Site "Polanica Zdroj"]
[Date "2009.09.02"]
[Round "3"]
[White "Drazek, Wladyslaw"]
[Black "Plinta, Emil"]
[Result "1/2-1/2"]
[WhiteElo "2076"]
[BlackElo "2127"]
[PlyCount "56"]
[EventDate "2009.08.18"]
[EventType "swiss"]
[EventRounds "9"]
[EventCountry "POL"]
[SourceTitle "EXT 2012"]
[Source "ChessBase"]
[SourceDate "2011.11.24"]
[SourceVersion "1"]
[SourceVersionDate "2011.11.24"]
[SourceQuality "1"]

1. d4 c5 2. dxc5 e6 3. Nf3 Bxc5 4. c4 Nf6 5. Nc3 Nc6 6. e3 0-0 7. Be2 a6 8. 0-0 Qc7 9. e4 Ng4 10. h3 Nge5 11. Nxe5 Qxe5 12. Kh1 Ne7 13. Bd3 f5 14. f4 Qc7 15. exf5 Nxf5 16. Qf3 b6 17. Bxf5 exf5 18. Nd5 Qc6 19. b4 Bd6 20. Bb2 Bb7 21. Rac1 Rf7 22. Rfd1 Re8 23. Rd4 Re6 24. a3 Bf8 25. Kh2 g6 26. Rd3 h5 27. Re3 Bg7 28. Bxg7 Kxg7 1/2-1/2

[Event "Polanica Zdroj op Seniors 45th"]
[Site "Polanica Zdroj"]
[Date "2009.08.23"]
[Round "5"]
[White "Dziedzic, Ferdynand"]
[Black "Plinta, Emil"]
[Result "0-1"]
[WhiteElo "1888"]
[BlackElo "2127"]
[PlyCount "57"]
[EventDate "2009.08.18"]
[EventType "swiss"]
[EventRounds "9"]
[EventCountry "POL"]
[SourceTitle "EXT 2012"]
[Source "ChessBase"]
[SourceDate "2011.11.24"]
[SourceVersion "1"]
[SourceVersionDate "2011.11.24"]
[SourceQuality "1"]

1. c4 e5 2. Nc3 Nf6 3. g3 c6 4. Bg2 d5 5. cxd5 cxd5 6. e3 Nc6 7. Nge2 d4 8. Ne4 Be7 9. Nxf6+ Bxf6 10. 0-0 0-0 11. exd4 Nxd4 12. Nxd4 Qxd4 13. Qb3 Rb8 14. Re1 Be6 15. Qc3 Qd6 16. Be4 b5 17. Qf3 Bd8 18. Qd3 Qxd3 19. Bxd3 Bc7 20. b3 Rfd8 21. Bc2 Kf8 22. d3 Bb6 23. Be3 Rbc8 24. Bxb6 axb6 25. Re2 Rc6 26. Rae1 Bd5 27. Bd1 e4 28. dxe4 Bxe4 29. b4 0-1

[Event "POL-ch Seniors 18th"]
[Site "Rowy"]
[Date "2007.09.12"]
[Round "5.3"]
[White "Plinta, Emil"]
[Black "Sidlo, Andrzej"]
[Result "1-0"]
[WhiteElo "2195"]
[BlackElo "2038"]
[PlyCount "114"]
[EventDate "2007.09.09"]
[EventType "swiss"]
[EventRounds "9"]
[EventCountry "POL"]
[SourceTitle "EXT 2023"]
[Source "ChessBase"]
[SourceDate "2022.10.05"]
[SourceVersion "1"]
[SourceVersionDate "2022.10.05"]
[SourceQuality "1"]

1. Nf3 d5 2. c4 Nf6 3. cxd5 Nxd5 4. d4 e6 5. e4 Nf6 6. Nc3 Be7 7. Bc4 c6 8. a4 Nbd7 9. 0-0 0-0 10. Qe2 Nb6 11. Bb3 h6 12. h3 Nbd7 13. Bf4 Qb6 14. Bc4 Bb4 15. Rfd1 Re8 16. Qd3 Nf8 17. Be3 Qa5 18. Bb3 Rd8 19. Qc2 Bd7 20. Ne5 Be8 21. f3 Rac8 22. Na2 Bd6 23. Nc4 Qc7 24. Nxd6 Qxd6 25. e5 Qe7 26. exf6 Qxf6 27. Nc3 Qe7 28. Bf2 Qc7 29. Ne4 Ng6 30. Rac1 b6 31. Kh1 Qe7 32. Qc3 Nf4 33. Qe3 Nd5 34. Bxd5 cxd5 35. Rxc8 Rxc8 36. Nc3 Qb4 37. Qd2 a6 38. f4 Qb3 39. Qe2 Bd7 40. Rd2 b5 41. axb5 axb5 42. Qd1 Qc4 43. Kh2 b4 44. Na4 Qc7 45. Nc5 Bb5 46. Bg3 Qb6 47. Qe1 Re8 48. Qe5 f6 49. Qe1 Kf7 50. Rd1 Bc6 51. Ra1 Re7 52. Ra6 Qb5 53. Qa1 Be8 54. Qe1 Bc6 55. Ra4 b3 56. Rb4 Qa5 57. Nxb3 Qa7 1-0

[Event "POL-ch Seniors 18th"]
[Site "Rowy"]
[Date "2007.09.11"]
[Round "4.6"]
[White "Gigon, Stanislaw"]
[Black "Plinta, Emil"]
[Result "0-1"]
[WhiteElo "1997"]
[BlackElo "2195"]
[PlyCount "50"]
[EventDate "2007.09.09"]
[EventType "swiss"]
[EventRounds "9"]
[EventCountry "POL"]
[SourceTitle "EXT 2023"]
[Source "ChessBase"]
[SourceDate "2022.10.05"]
[SourceVersion "1"]
[SourceVersionDate "2022.10.05"]
[SourceQuality "1"]

1. e4 d6 2. d4 Nf6 3. Nc3 e5 4. dxe5 dxe5 5. Qxd8+ Kxd8 6. Bg5 Be6 7. 0-0-0+ Nbd7 8. Nf3 Bd6 9. Nb5 Ke7 10. Nxd6 cxd6 11. Bd3 h6 12. Bd2 Rac8 13. Kb1 Nc5 14. Rhe1 a6 15. h3 b5 16. b3 Rb8 17. Bb4 Nfd7 18. Rd2 Rhc8 19. Red1 Rc6 20. Ne1 Na4 21. bxa4 bxa4 22. a3 a5 23. c3 Rxc3 24. Kb2 axb4 25. axb4 Rb3+ 0-1

[Event "POL-ch Seniors 18th"]
[Site "Rowy"]
[Date "2007.09.09"]
[Round "1.3"]
[White "Plinta, Emil"]
[Black "Zinczuk, Leon"]
[Result "0-1"]
[WhiteElo "2195"]
[BlackElo "1895"]
[PlyCount "45"]
[EventDate "2007.09.09"]
[EventType "swiss"]
[EventRounds "9"]
[EventCountry "POL"]
[SourceTitle "EXT 2023"]
[Source "ChessBase"]
[SourceDate "2022.10.05"]
[SourceVersion "1"]
[SourceVersionDate "2022.10.05"]
[SourceQuality "1"]

1. d4 Nf6 2. g3 e6 3. c4 d5 4. Nf3 Bb4+ 5. Bd2 Be7 6. Nc3 0-0 7. Bg5 Nbd7 8. cxd5 exd5 9. Bg2 c6 10. 0-0 h6 11. Bxf6 Nxf6 12. Qd3 Re8 13. Rfe1 Bb4 14. a3 Ba5 15. b4 Bc7 16. Nd2 Bg4 17. b5 Qd7 18. bxc6 bxc6 19. e4 dxe4 20. Ncxe4 Nd5 21. Nc5 Qd8 22. Nc4 Nf6 23. Ne5 0-1

[Event "Rowy Seniors op 7th"]
[Site "Rowy"]
[Date "2003.09.03"]
[Round "4"]
[White "Plinta, Emil"]
[Black "Krawcewicz, Lucyna"]
[Result "0-1"]
[WhiteElo "2212"]
[BlackElo "2051"]
[PlyCount "102"]
[EventDate "2003.08.??"]
[EventType "swiss"]
[EventRounds "9"]
[EventCountry "POL"]
[SourceTitle "EXT 2006"]
[Source "ChessBase"]
[SourceDate "2005.11.24"]
[SourceVersion "1"]
[SourceVersionDate "2005.11.24"]
[SourceQuality "1"]

1. c4 Nf6 2. g3 d5 3. Bg2 e6 4. Nf3 Be7 5. 0-0 0-0 6. d4 Nbd7 7. Nbd2 c5 8. cxd5 Nxd5 9. e4 N5b6 10. a4 a5 11. e5 cxd4 12. Ne4 Nc5 13. Nxd4 Nbd7 14. Bf4 Nxe4 15. Bxe4 Nc5 16. Bg2 Re8 17. Rc1 Rb8 18. Rc4 Qb6 19. Qc2 Bd7 20. Be3 Rec8 21. Rc1 Qd8 22. Nb5 b6 23. b3 Bxb5 24. axb5 Qc7 25. f4 Rd8 26. Bc6 Qa7 27. g4 g6 28. Rc3 Bf8 29. Bf2 Qc7 30. h4 f6 31. exf6 Qxf4 32. g5 Rd2 33. f7+ Kh8 34. Qxd2 Qxd2 35. Bg3 Qd4+ 36. Kh1 e5 37. Rc4 Qd6 38. Rxc5 bxc5 39. Re1 Bg7 40. Be8 Qd5+ 41. Kg1 Qd4+ 42. Kg2 Qd5+ 43. Kh2 e4 44. Bxb8 Qd2+ 45. Kh3 Qxe1 46. b6 Qf1+ 47. Kh2 Qf2+ 48. Kh3 e3 49. Bg3 Qf3 50. Bb5 e2 51. Bxe2 Qxf7 0-1

[Event "Rowy Seniors op 7th"]
[Site "Rowy"]
[Date "2003.09.02"]
[Round "3"]
[White "Bernhoeft, Erhard"]
[Black "Plinta, Emil"]
[Result "1/2-1/2"]
[WhiteElo "2080"]
[BlackElo "2212"]
[PlyCount "78"]
[EventDate "2003.08.??"]
[EventType "swiss"]
[EventRounds "9"]
[EventCountry "POL"]
[SourceTitle "EXT 2006"]
[Source "ChessBase"]
[SourceDate "2005.11.24"]
[SourceVersion "1"]
[SourceVersionDate "2005.11.24"]
[SourceQuality "1"]

1. Nf3 d6 2. d4 f5 3. c3 g6 4. Qb3 Bg7 5. g3 Nf6 6. Bg2 c6 7. Ng5 d5 8. Nd2 h6 9. Ngf3 0-0 10. Ne5 Kh7 11. Ndf3 Ne4 12. 0-0 Nd7 13. Nxd7 Qxd7 14. Bf4 Qe6 15. Rad1 b6 16. Be5 Bf6 17. Qc2 a5 18. Bxf6 exf6 19. e3 Kg7 20. Rfe1 a4 21. Nd2 b5 22. f3 Nxd2 23. Qxd2 Qd6 24. e4 fxe4 25. fxe4 Bg4 26. Rc1 Rae8 27. exd5 cxd5 28. Qf4 Qd7 29. Qf1 Bf5 30. Rxe8 Rxe8 31. Re1 Be4 32. Qe2 f5 33. Bf1 Rb8 34. a3 Rb6 35. Qe3 g5 36. Bh3 Qc7 37. Rf1 Rf6 38. Qe2 Qb7 39. Qf2 Kg6 1/2-1/2

[Event "POL-chT 58th 2nd League"]
[Site "Wisla"]
[Date "2002.??.??"]
[Round "?"]
[White "Kiersz, Ludwik"]
[Black "Plinta, Emil"]
[Result "1/2-1/2"]
[WhiteElo "2156"]
[BlackElo "2216"]
[PlyCount "40"]
[EventDate "2002.08.30"]
[EventType "team-swiss"]
[EventRounds "11"]
[EventCountry "POL"]
[SourceTitle "EXT 2019"]
[Source "ChessBase"]
[SourceDate "2018.10.10"]
[SourceVersion "1"]
[SourceVersionDate "2018.10.10"]
[SourceQuality "1"]

1. d4 d6 2. e4 Nf6 3. Nc3 e5 4. dxe5 dxe5 5. Qxd8+ Kxd8 6. Bg5 Be6 7. Nf3 Nbd7 8. 0-0-0 Kc8 9. Bxf6 gxf6 10. Nh4 Bb4 11. Nd5 Bc5 12. f3 c6 13. Nc3 b5 14. a4 b4 15. Ba6+ Kc7 16. Ne2 Be3+ 17. Kb1 Nc5 18. Bd3 Nxa4 19. Nf5 Bc5 20. g4 h5 1/2-1/2

[Event "POL-chT 58th 2nd League"]
[Site "Wisla"]
[Date "2002.??.??"]
[Round "?"]
[White "Plinta, Emil"]
[Black "Bielinski, Leszek"]
[Result "1-0"]
[WhiteElo "2216"]
[BlackElo "2188"]
[PlyCount "40"]
[EventDate "2002.08.30"]
[EventType "team-swiss"]
[EventRounds "11"]
[EventCountry "POL"]
[SourceTitle "EXT 2019"]
[Source "ChessBase"]
[SourceDate "2018.10.10"]
[SourceVersion "1"]
[SourceVersionDate "2018.10.10"]
[SourceQuality "1"]

1. g3 e5 2. c4 Nf6 3. Bg2 Be7 4. Nc3 0-0 5. e3 d6 6. Nge2 c6 7. d4 Qc7 8. 0-0 Nbd7 9. b3 Rd8 10. a4 Nf8 11. Qc2 Bg4 12. h3 Bxe2 13. Qxe2 Ne6 14. d5 Nc5 15. b4 Nb3 16. Rb1 Nxc1 17. Rfxc1 Rab8 18. a5 a6 19. Qa2 g6 20. dxc6 bxc6 1-0

[Event "CZE-chT1c 9495"]
[Site "Czech Republic"]
[Date "1995.??.??"]
[Round "5"]
[White "Jurasek, Miroslav"]
[Black "Plinta, Emil"]
[Result "0-1"]
[WhiteElo "2240"]
[BlackElo "2285"]
[PlyCount "90"]
[EventDate "1994.??.??"]
[EventType "team"]
[EventRounds "11"]
[EventCountry "CZE"]
[SourceTitle "EXT 1998"]
[Source "ChessBase"]
[SourceDate "1997.11.17"]
[SourceVersion "1"]
[SourceVersionDate "1997.11.17"]
[SourceQuality "1"]

1. e4 c5 2. Nf3 d6 3. d4 cxd4 4. Nxd4 Nf6 5. Nc3 a6 6. Be2 e5 7. Nb3 Be7 8. Bg5 Nbd7 9. Qd3 h6 10. Bxf6 Nxf6 11. 0-0-0 Qc7 12. Kb1 Be6 13. h4 b5 14. g4 b4 15. Nd5 Nxd5 16. exd5 Bd7 17. Qe4 a5 18. f4 a4 19. Nc1 exf4 20. Bd3 Bxg4 21. Rde1 h5 22. Qxb4 f3 23. Re3 Kf8 24. Rhe1 Bxh4 25. Rh1 Rb8 26. Qxa4 Qb6 27. Qb3 Qa7 28. Bb5 Bf6 29. Rhe1 g6 30. Nd3 Kg7 31. a4 Rhc8 32. Nb4 f2 33. Rf1 Bd4 34. Re4 Bf5 35. Re2 Bg4 36. Rd2 Be3 37. Rd3 Bd4 38. Nc6 Rxc6 39. dxc6 Be2 40. c7 Rc8 41. Rxd4 Bxf1 42. Rf4 Bxb5 43. Rxf7+ Kh6 44. axb5 Rxc7 45. Rf4 Re7 0-1

[Event "CZE-chT1c 9495"]
[Site "Czech Republic"]
[Date "1995.??.??"]
[Round "4"]
[White "Plinta, Emil"]
[Black "Zabystrzan, Pavel"]
[Result "0-1"]
[WhiteElo "2285"]
[BlackElo "2285"]
[PlyCount "124"]
[EventDate "1994.??.??"]
[EventType "team"]
[EventRounds "11"]
[EventCountry "CZE"]
[SourceTitle "EXT 1998"]
[Source "ChessBase"]
[SourceDate "1997.11.17"]
[SourceVersion "1"]
[SourceVersionDate "1997.11.17"]
[SourceQuality "1"]

1. d4 Nf6 2. Bg5 c5 3. e3 Qb6 4. Nc3 e6 5. Bxf6 gxf6 6. d5 f5 7. dxe6 dxe6 8. Bb5+ Bd7 9. Qd3 Nc6 10. 0-0-0 0-0-0 11. Nf3 a6 12. Bxc6 Bxc6 13. Qxd8+ Qxd8 14. Rxd8+ Kxd8 15. Ne5 Be8 16. Rd1+ Kc7 17. a4 h5 18. f4 f6 19. Nf3 h4 20. b3 Bc6 21. Rf1 b5 22. axb5 axb5 23. Kb2 Bd6 24. h3 Rh5 25. Ne2 e5 26. Rd1 b4 27. c3 Rh8 28. cxb4 cxb4 29. Rc1 Kd7 30. Rd1 Ke7 31. Ra1 Bxf3 32. gxf3 Rg8 33. Ra7+ Ke6 34. fxe5 fxe5 35. Kc2 Rg2 36. Kd3 Rh2 37. f4 Rxh3 38. Ra6 Kd5 39. fxe5 Bxe5 40. Ra5+ Kd6 41. Ra6+ Kd5 42. Ra5+ Ke6 43. Ra6+ Kf7 44. Ra5 Kf6 45. Ra6+ Kg5 46. Ra5 Bf6 47. Ra8 Rh1 48. Rg8+ Kh6 49. Nf4 Be5 50. Rg6+ Kh7 51. Rg5 Bxf4 52. exf4 h3 53. Rxf5 h2 54. Rh5+ Kg6 55. Rh4 Rd1+ 56. Kc4 h1Q 57. Rxh1 Rxh1 58. Kxb4 Kf7 59. Kc5 Ke7 60. b4 Kd7 61. b5 Rf1 62. Kb6 Kc8 0-1